Представление документа в формате RUSMARC

ПолеНазваниеЗначение
  Тип записи a
  Библиографический уровень m
001 Контрольный номер RU/УОНБ/EK/390404590
005 Дата корректировки 20260521123933.1
010 Индекс ISBN __
a ISBN 978-5-17-061357-1
d Цена 296 р. 23 к.
9 Тираж 3000 экз.
100 Данные общей обработки __
a Данные общей обработки 20100118d2009 u y0rusy0189 ca
101 Язык документа 2_
a Язык текста rus
a Язык текста eng
102 Страна публикации __
a Страна публикации RU
105 Кодированные данные (монография) __
a Кодированные данные (монография) y g 000zy
200 Заглавие и сведения об ответственности 1_
a Заглавие Все английские предлоги
e Сведения, относящиеся к заглавию более 6000 сочетаний
e Сведения, относящиеся к заглавию словарь-справочник
f Первые сведения об ответственности Н. Н. Смирнов
210 Выходные данные 1_
a Место издания Москва
c Издательство АСТ
c Издательство Астрель
d Дата издания 2009
215 Физическое описание __
a Объем 512 с.
d Формат 21 см
320 Библиография __
a Библиография Библиогр.: с. 512
606 Тематические рубрики 1_
a Основная рубрика Английский язык
x Основная подрубрика Предлоги
j Формальный подзаголовок Словари
606 Тематические рубрики 1_
a Основная рубрика Английский язык
j Формальный подзаголовок Словари
610 Ключевые слова 0_
a Ключевые слова словари английского языка; английский язык словари
686 Индексы других классификаций __
a Классификационный индекс 81.431-2
2 Код системы rubbk
700 Автор _1
a Фамилия Смирнов
b Имя (инициалы) Н. Н.
g Полное личное имя Николай Николаевич
c Титул (звания) д-р биол. наук, филолог.
f Даты 1928-
4 Код отношения 070
801 Источник записи _0
a Страна RU
b Организация NLR
c Дата составления 20100118
g Правила каталогизации RCR
801 Источник записи _1
a Страна RU
b Организация Ульяновская ОНБ
c Дата составления 20120515
901 Тип документа __
t Тип документа m
909 Создатель записи __
a Создатель записи Мейснер
b Дата создания записи 20130312
910 Корректоры записи __
a Корректор записи Седова
b Дата внесения изменения в запись 20260521